Subḥ-yi g̲h̲azal. (Record no. 75662)

MARC details
000 -LEADER
fixed length control field 00513cam a22002171 4500
001 - CONTROL NUMBER
control field sa 67006074
003 - CONTROL NUMBER IDENTIFIER
control field DLC
005 - DATE AND TIME OF LATEST TRANSACTION
control field 20260227112403.0
008 - FIXED-LENGTH DATA ELEMENTS--GENERAL INFORMATION
fixed length control field 940602s1964 pk 000 1 urdo
010 ## - LIBRARY OF CONGRESS CONTROL NUMBER
LC control number sa 67006074
025 ## - OVERSEAS ACQUISITION NUMBER
Overseas acquisition number PL480:P-U-1104
035 ## - SYSTEM CONTROL NUMBER
System control number (OCoLC)30538276
040 ## - CATALOGING SOURCE
Original cataloging agency DLC
Transcribing agency CU
Modifying agency CU
-- DLC
042 ## - AUTHENTICATION CODE
Authentication code premarc
050 00 - LIBRARY OF CONGRESS CALL NUMBER
Classification number PK2200.N6
Item number S9
100 0# - MAIN ENTRY--PERSONAL NAME
Personal name Noor-us-Sabah,
Titles and words associated with a name Begum.
245 10 - TITLE STATEMENT
Title Subḥ-yi g̲h̲azal.
260 ## - PUBLICATION, DISTRIBUTION, ETC.
Date of publication, distribution, etc. [1964]
300 ## - PHYSICAL DESCRIPTION
Extent 112 p.
Dimensions 19 cm.
500 ## - GENERAL NOTE
General note In Urdu.

No items available.

Powered by Koha